01756nam a2200445 i 4500001000700000003000800007005001700015006001900032007001500051008004100066020001800107020002700125035002300152035002400175035002500199035002200224040003100246050002100277080000800298082001400306245015400320264004300474300006400517336003100581337003300612338004300645588012700688590016400815650003400979650002401013650001601037650003401053650003501087655002701122700002801149700003301177797001901210856006201229999001901291141522FlNmELB20241217181609.0m o d | cr cnu||||||||180209s2005 sp a o 000 0 spa d z9789506414214 a9781512945409 (e-book) a(MiAaPQ)EBC5190620 a(Au-PeEL)EBL5190620 a(CaPaEBR)ebr11484592 a(OCoLC)1105860515 aFINmELBbspaerdacFINmELB 4aHD58.9bQ77 2005 a6580 a658.422303aLa quinta disciplina en la práctica :bcómo construir una organización inteligente /cPeter M. Senge [y otros 3] ; traducción Carlos Gardini. 1aBarcelona :bEdiciones Granica,c2005. a1 recurso en línea (593 páginas) :bilustraciones color atextobtxt2rdacontent/spa acomputadorabc2rdamedia/spa arecurso en líneabcr2rdacarrier/spa aDescripción basada en recurso en línea; Título de la página del título en PDF (e-libro, visto February 9, 2018). aRecurso electrónico. Santa Fe, Arg.: e-libro, 2018. Disponible vía World Wide Web. El acceso puede estar limitado para las bibliotecas afiliadas a e-libro. 0aOrganizational effectiveness. 0aStrategic planning. 0aLeadership. 4aAdministración de empresas. 4aPlanificación estratégica. 4aLibros electrónicos.1 aSenge, Peter M,eautor.1 aGardini, Carlos,etraductor.2 ae-libro, Corp.40uhttps://elibro.net/ereader/politecnicointernacional/94012 c141522d141522